Dekréty si vynútila vojna Právomoci prezidenta na rôzny spôsob (6)

Bibliographic Details
Main Author: Pinz, Jan (Author)
Format: Article
Language:Slovak
Subjects:

MARC

LEADER 00000nab a2200000 a 4500
001 vtls000441777
003 SK-MaSNL
005 20260311225018.0
008 160115c xo 0 slo
015 |a SNBRB19rr/mm-uuuuu 
035 |a CL0441907 
040 |a SNKBUCL  |b slo  |c SNKBUCL  |e AACR2 
041 0 |a slo 
044 |a xo  |c SK 
080 |a 342.515(437)  |2 1981 
100 1 |a Pinz, Jan  |4 aut  |9 514763 
245 1 0 |a Dekréty si vynútila vojna  |b Právomoci prezidenta na rôzny spôsob (6)  |c Jan Pinz 
650 0 7 |a prezidentské právomoci  |2 snkbucl  |9 4490 
651 7 |a Československo  |2 snkbucl  |9 21376 
655 7 |a články z novín a časopisov  |2 snkbucl  |9 267496 
773 0 |t Pravda  |g Roč. 2(73), č. 24 (29. 1. 1992), s. 5 
850 |a Slovenská národná knižnica v Martine  |a MTA001 
852 |a SNK  |b KIS3GCP 
958 |a RK 
992 |a RBX 
999 |c 3264113  |d 3266043